Statistics for Biggest U.S. Cities by Letter - W

Click here to take the quiz!

General Stats

  • This quiz has been taken 2,576 times
    (1,644 since last reset)
  • The average score is 8 of 20

Answer Stats

Pop State Hint City % Correct
658,893 D.C.CapitalWashington
100%
388,413 KansasAircraft MakingWichita
83%
130,194 TexasBranch
Davidians
Waco
75%
183,016 MassachusettsCenter of StateWorcester
58%
239,269 North CarolinaRJR TobaccoWinston-Salem
56%
113,657 North CarolinaCape FearWilmington
56%
104,031 FloridaWPBWest Palm
Beach
42%
135,099 MichiganDetroit SuburbWarren
32%
105,114 TexasOklahoma BorderWichita Falls
30%
134,495 UtahSLC SuburbWest Valley
City
28%
81,963 Rhode IslandT.F. Green AirportWarwick
27%
88,915 IllinoisOn Lake MichiganWaukegan
23%
92,068 CaliforniaVietnameseWestminster
23%
110,920 UtahSLC SuburbWest Jordan
23%
112,090ColoradoDenver SuburbWestminster
23%
109,307ConnecticutThe Brass CityWaterbury
21%
87,318 CaliforniaRichard NixonWhittier
17%
74,826 MichiganGrand Rapids
Suburb
Wyoming
15%
108,455 CaliforniaL.A. SuburbWest Covina
14%
82,314 MichiganDetroit SuburbWestland
10%

Score Distribution

Percentile by Number Answered

Percent of People with Each Score

Your Score History

You have not taken this quiz since the last reset